000 00697nam a2200241Ia 4500
003 OSt
005 20220918105537.0
006 a|||||r|||| 00| 0
007 ta
008 220915b |||||||| |||| 00| 0 ara d
024 _a85,649
037 _cReference Collections
040 _aARTS
_cARTS
_bara
041 _2ara
_aara
082 _aQ7:21:gwk, 28M4
100 _aAzizuddin Abdul Aziz Au.
_92139
245 0 _aMoajjim tabqat-al-haffaz wa-al-mufassirin
260 _aBeirut
_bIlm-al-kutub Lebanon
_c1984
300 _a314p.
650 _aREFERENCE BOOKS
942 _hQ7:21:gwk, 28M4
_cREF
999 _c108001
_d108001